Szczegóły MARC21

Historia gospodarcza Polski /

003 -Nazwa inst., której nr kontr. jest w polu 001 [,]
    • @
    • Nazwa instytucji, której n kontrolny jest w polu 001
    • NUKAT
005 -DATA I CZAS OSTATNIEJ MODYFIKACJI [,]
    • @
    • pole kontrolne
    • 20241231115020.0
020 -Międzynarod. znormalizowany nr książki - ISBN [ , ]
    • a
    • Numer ISBN
    • 8387251259 Find
020 -Międzynarod. znormalizowany nr książki - ISBN [ , ]
    • a
    • Numer ISBN
    • 8387251100 Find
    • q
    • Dopowiedzenie
    • okł.
040 -Instytucja sporządzająca opis [ , ]
    • a
    • Instytucja, która sporządziła opis (NP)
    • OLSZT 003/WO
    • c
    • Instytucja, która sporządziła rekord (NP)
    • OLSZT 003/WO
    • d
    • Instytucja, która zmodyfikowała rekord (P)
    • OLSZT 003/WO
    • d
    • Instytucja, która zmodyfikowała rekord (P)
    • KR 93/BZs
942 -Rodzaj dokumentu [ , ]
    • c
    • Rodzaj dokumentu
    • Książka
100 -Hasło główne - nazwa osobowa [1, ]
    • a
    • Nazwa osobowa (NP)
    • Jezierski, Andrzej
    • d
    • Daty biograficzne (NP)
    • (1930-2002).
    • 9
    • KHW
    • 94854
245 -Strefa tytułu i oznaczenia odpowiedzialności [1,0]
    • a
    • Tytuł
    • Historia gospodarcza Polski / Find
    • c
    • Pozostałe elementy strefy tytułu i oznaczenia odpowiedzialności (NP)
    • Andrzej Jezierski, Cecylia Leszczyńska.
250 -Strefa wydania [ , ]
    • a
    • Oznaczenie wydania (NP)
    • Wyd. 2 popr. i uzup.
260 -Strefa adresu wydawniczego [ , ]
    • a
    • Miejsce wydania (P)
    • Warszawa :
    • b
    • Nazwa wydawcy (P)
    • Wydaw. Key Text,
    • c
    • Data wydania (P)
    • 1999.
300 -Strefa opisu fizycznego [ , ]
    • a
    • Określenie formy książki i/lub objętość (NP)
    • 560 s. :
    • b
    • Oznaczenie ilustracji (NP)
    • mapy, wykr. ;
    • c
    • Format (NP)
    • 24 cm.
336 -Typ zawartości [ , ]
    • a
    • Termin opisujący typ zawartości
    • Tekst
    • b
    • Kod określający zawartość
    • txt
    • 2
    • Źródło (terminu i kodu)
    • rdacontent
337 -Typ mediów [ , ]
    • a
    • Tryb odtwarzania
    • Bez urządzenia pośredniczącego
    • b
    • Kod typu mediów
    • n
    • 2
    • Źródło (terminu i kodu)
    • rdamedia
338 -Typ/rodzaj nośnika [ , ]
    • a
    • Hasło opisujące typ nośnika
    • Wolumin
    • b
    • Kod typu nośnika
    • nc
    • 2
    • Źródło (terminu i kodu)
    • rdacarrier
504 -Uwaga dot. bibliogr. załącznikowej [ , ]
    • a
    • Uwaga dot. bibliografii załącznikowej
    • Indeks.
521 -Uwaga dot. przeznaczenia czytelniczego [8, ]
    • a
    • Uwaga dot. przeznaczenia czytelniczego
    • Podręcznik dla studentów wydziałów ekonomicznych wyższych uczelni.
080 -Uniwersalna Klasyfikacja Dziesiętna [ , ]
    • a
    • Symbol klasyfikacji
    • 338.1(438)(091)
    • 9
    • UKD
    • 10673
    • 2
    • Identyfikator wydania tablic
    • UDC-P058
    • b
    • Dopowiedzenie
    • Historia gospodarcza Polski.
651 -Hasło przedmiotowe w formie nazwy geograficznej [ ,7]
    • a
    • Nazwa geograficzna
    • Polska
    • x
    • Określnik rzeczowy
    • sytuacja gospodarcza
    • x
    • Określnik rzeczowy
    • historia
    • v
    • Określnik formalny
    • podręczniki akademickie.
    • 2
    • Źródło terminu
    • kaba
    • 9
    • KHW
    • 390610
980 -Symbol UKD [ , ]
    • a
    • UKD
    • 338.1(438)(091)
700 -Hasło dodatkowe - nazwa osobowa [1, ]
    • a
    • Nazwa osobowa (NP)
    • Leszczyńska, Cecylia. Find
    • 9
    • KHW
    • 94855
920 -ISBN [ , ]
    • a
    • ISBN
    • 83-87251-25-9 Find
920 -ISBN [ , ]
    • a
    • ISBN
    • 83-87251-10-0 Find
    • q
    • Dopowiedzenie
    • okł.
Status udost. Numer inwentarzowy Sygnatura Data inwentaryzacji Lokalizacja
-2E.66676 2000-04-18BE
-3S.85704 2000-04-18BE
-3S.85705 2000-04-18BE
1Z.95576 2000-04-18BG
1H.10169 2002-01-17BNS
-3T.2291T.22912000-04-18T
-3T.2290T.22902000-04-18T
-3T.2292T.22922000-04-18T
-3T.2293T.22932000-04-18T
-3T.2294T.22942000-04-18T
-3T.2295T.22952000-04-18T
-3T.2296T.22962000-04-18T
-3T.2297T.22972000-04-18T
-6T.2298T.22982000-04-18T
2T.3443 2000-11-28T
-3T.3444T.34442000-11-28T
-3T.3445T.34452000-11-28T
-3T.3446T.34462000-11-28T
-3T.3447T.34472000-11-28T
-3T.4517T.45172001-03-14T
-3T.4518T.45182001-03-14T
-3T.4519T.45192001-03-14T
-3T.4520T.45202001-03-14T
-3T.4521T.45212001-03-14T
-3T.4522T.45222001-03-14T
-3T.4523T.45232001-03-14T
-3T.4524T.45242001-03-14T
-3T.4525T.45252001-03-14T
-3T.4526T.45262001-03-14T
-6T.6195T.61952002-01-17T